Eléments de traduction comparée : Français-Allemand (notice n° 2106449)

détails MARC
000 -LEADER
fixed length control field 01007cam a2200133 4500500
005 - DATE AND TIME OF LATEST TRANSACTION
control field 20260405013558.0
041 ## - LANGUAGE CODE
Language code of text/sound track or separate title fre
042 ## - AUTHENTICATION CODE
Authentication code dc
100 10 - MAIN ENTRY--PERSONAL NAME
Personal name Pérennec, Marcel
Relator term author
245 00 - TITLE STATEMENT
Title Eléments de traduction comparée : Français-Allemand
260 ## - PUBLICATION, DISTRIBUTION, ETC.
Name of publisher, distributor, etc. Armand Colin,<br/>
Date of publication, distribution, etc. 2021.<br/>
520 ## - SUMMARY, ETC.
Summary, etc. Ce manuel propose une approche linguistique et systématique de certains problèmes de traduction. Partant du principe que toute traduction doit être précédée de l'interprétation du texte-source, il fournit les éléments d'analyse nécessaires à cette interprétation. Il met l'accent prioritairement sur les traductions par changements structuraux, dans le groupe verbal comme dans le groupe nominal. Chaque point abordé est illustré par de nombreux exemples extraits de corpus littéraires ou journalistiques et fait l'objet d'exercices d'application avec corrigés.
856 41 - ELECTRONIC LOCATION AND ACCESS
Uniform Resource Identifier <a href="https://shs.cairn.info/elements-de-traduction-comparee--9782200629366?lang=fr&redirect-ssocas=7080">https://shs.cairn.info/elements-de-traduction-comparee--9782200629366?lang=fr&redirect-ssocas=7080</a>

Pas d'exemplaire disponible.

PLUDOC

PLUDOC est la plateforme unique et centralisée de gestion des bibliothèques physiques et numériques de Guinée administré par le CEDUST. Elle est la plus grande base de données de ressources documentaires pour les Étudiants, Enseignants chercheurs et Chercheurs de Guinée.

Adresse

627 919 101/664 919 101

25 boulevard du commerce
Kaloum, Conakry, Guinée

Réseaux sociaux

Powered by Netsen Group @ 2025